Next Step Characters - Statistics

General Stats
  • This quiz has been taken 12 times
  • The average score is 31 of 63
Answer Stats
Answer % Correct
Emily
100%
Michelle
100%
Amanda
88%
Chris
88%
Daniel
88%
Eldon
88%
Giselle
88%
Kate/Ms Kate
88%
Noah
88%
Richelle
88%
Riley
88%
West
88%
Amy
75%
Cierra
75%
Henry
75%
Hunter
75%
James
75%
Kingston
75%
Lily
75%
Ozzy
75%
Piper
75%
Skylar
75%
Finn
63%
Kenzie
63%
La Troy
63%
Lola
63%
Max
63%
Stephanie
63%
Thalia
63%
Tiffany
63%
Chole
50%
Jacquie
50%
Josh
50%
Sloane
50%
Summer
50%
Zara
50%
Alfie
38%
Cassie
38%
Davis
38%
Nick
38%
Shantel
38%
Cleo
25%
Ella
25%
Elliot
25%
Heather
25%
Izzy
25%
Jude
25%
Lucien/Evil person
25%
Phoebe
25%
Beth
13%
Charlie
13%
Winnie
13%
Abi
0%
Bartek
0%
Becca
0%
Gabi
0%
Jade
0%
Jake
0%
Luke
0%
Margie
0%
Presley
0%
Simone
0%
Tess
0%
No matching quizzes found
Score Distribution
Percent of People with Each Score
Percentile by Number Answered
Your Score History
You have not taken this quiz